000 00540nam a2200193Ia 4500
005 20250623120049.0
008 008 250623s9999 xx 000 0 eng d
020 _a978-04-5160612-9
037 _aTextbook
040 _aASTL
_beng
_cASTL
041 _aeng
_2eng
084 _qASTL
100 _aCole, Sonia.
_9135183
245 4 _aThe Prehistory of East Africa
260 _aGreat Britain
_bGeorge Weidenfeld and Nicolson Ltd.
_c1963
650 _aAfrican StudiesPolitical Science
942 _cTB
999 _c1432752
_d1432752